Culture Générale - Série 392 - Statistiques

Statistiques générales
  • Ce quiz a été pris 350 fois
  • Le résultat moyen est 8 sur 10
Statistiques - réponses
Question Réponse % Correct
Quel pays a une feuille d'érable rouge sur son drapeau ? Le Canada
99%
Au football, quelle est la couleur du carton qui signifie l'expulsion du joueur fautif ? Rouge
98%
En 1492, quel navigateur génois a découvert le Nouveau Monde, devenu l'Amérique ? Christophe Colomb
97%
Quel est le nom du petit canari pourchassé par Grosminet dans le dessin animé ? Titi
96%
Dans quelle ville italienne peut-on flâner sur la place Saint-Marc, devant la basilique du même nom ? Venise
93%
Quel arbre est représenté sur le drapeau du Liban ? Le cèdre
83%
Quelle ville habitent les Stambouliotes ? Istanbul
81%
Quelles sont les 3 lettres qui désignent le vaccin contre la tuberculose ? B.C.G.
66%
Dans la version française, à laquelle des 4 maisons de l'école de sorcellerie de Poudlard appartient Harry Potter ? Gryffondor
54%
Quel skieur français a remporté trois médailles d'or aux jeux Olympiques de Grenoble, en 1968 ? Jean-Claude Killy
52%
Aucun quiz correspondant
Distribution des résultats
% des personnes avec chaque résultat
Percentile par nombre de réponses
Votre historique - résultats
Vous n’avez pas pris ce quiz